Sports Quiz

Random Sports Quiz

Highest Career Passer Rating (NCAA) Quiz Stats

 Plays Quiz not verified by Sporcle

Score 0/25 Timer 06:00
0 Plays Today
School Quarterback % Correct
FloridaTim Tebow
95.9%
OklahomaSam Bradford
90.3%
TexasColt McCoy
81.5%
SyracuseDonovan McNabb
77%
USCMatt Leinart
76.7%
HawaiiColt Brennan
70.5%
Miami (OH)Ben Roethlisberger
69.9%
MarshallByron Leftwich
67.7%
MarshallChad Pennington
66.1%
OklahomaJason White
62.8%
Florida St.Chris Weinke
57.3%
Fresno St.David Carr
55.8%
BYUTy Detmer
54.5%
School Quarterback % Correct
Texas TechGraham Harrell
52.6%
LouisvilleBrian Brohm
50.5%
FloridaDanny Wuerffel
46.1%
UCFDaunte Culpepper
44.8%
BYUMax Hall
43.2%
BYUJim McMahon
29.5%
ToledoBruce Gradkowski
25%
Louisiana TechTim Rattay
16.3%
Bowling GreenOmar Jacobs
13%
Boise St.Ryan Dinwiddie
6.1%
BYUSteve Sarkisian
4.9%
San Diego St.Billy Blanton
0.2%

You're not logged in!

Compare scores with friends on all Sporcle quizzes.
OR
Log In

Show Comments

Extras

Top Quizzes Today


Score Distribution

Your Account Isn't Verified!

In order to create a playlist on Sporcle, you need to verify the email address you used during registration. Go to your Sporcle Settings to finish the process.

Report this User

Report this user for behavior that violates our Community Guidelines.

Details: